Sistematización del diseño de estrategias de control robustas
Salvato in:
| Autore principale: | |
|---|---|
| Natura: | Libro |
| Pubblicazione: |
San José, C.R.
1999
|
| Soggetti: | |
| Tags: |
Aggiungi Tag
Nessun Tag, puoi essere il primo ad aggiungerne!!
|
MARC
| LEADER | 00000nam a2200000Ia 4500 | ||
|---|---|---|---|
| 003 | 005032 | ||
| 005 | 20221231144217.0 | ||
| 008 | 140114s1999 cr a m 000 ||s d | ||
| 040 | |c cru CEDI | ||
| 090 | |a TFG 4009 | ||
| 100 | |a Bonatti Ulloa, Gonzalo |9 8675 | ||
| 245 | |a Sistematización del diseño de estrategias de control robustas | ||
| 260 | |c 1999 |a San José, C.R. | ||
| 300 | |a xii, 93 hojas | ||
| 500 | |a Proyecto de graduación (bachillerato en ingeniería eléctrica)--Universidad de Costa Rica. Facultad de Ingeniería. Escuela de Ingeniería Eléctrica | ||
| 650 | |x CONTROL AUTOMATICO |x CONTROLADORES LOGICOS PROGRAMABLES |x REGULADORES ELECTRICOS |9 8676 | ||
| 942 | |c TFG | ||
| 999 | |c 18490 |d 18490 | ||
